| 000 | 00606nam a2200217 a 4500 | ||
|---|---|---|---|
| 001 | BRCA_5400 | ||
| 005 | 20190320205048.0 | ||
| 008 | 091210s1948----ne-a######---#000-0#eng-# | ||
| 041 | _aeng | ||
| 044 | _ane | ||
| 050 | 4 |
_aN8790 _b.T54 1948 |
|
| 100 | 1 |
_aTietze, Hans _913804 |
|
| 245 | 1 | 0 |
_aGenuine and false _bcopies, imitations, forgeries _cHans Tietze. |
| 260 |
_aHolanda _bChanticleer _c1948 |
||
| 300 |
_a80 p. _bil. (algunas a color) _c25 cm. |
||
| 500 | _aIncluye índice de ilustraciones | ||
| 500 | _aE127 | ||
| 650 | 1 | 4 |
_aFalsificación _xObras de arte _913805 |
| 902 | _aGFM | ||
| 942 |
_2lcc _cB |
||
| 999 |
_c5094 _d5094 |
||